Dejiny medzinárodných vzťahov a slovenská historiografia

Krátka história vzniku medzinárodných vzťahov ako vednej disciplíny na Slovensku. Vymedzenie postavenia slovenskej historiografie z pohľadu ostatných vedných disciplín.

Gespeichert in:
Bibliographische Detailangaben
1. Verfasser: Ferenčuhová, Bohumila
Format: Buchkapitel
Sprache:Slowakisch
Schlagworte:
Tags: Tag hinzufügen
Keine Tags, Fügen Sie das erste Tag hinzu!

MARC

LEADER 00000naa a2200000 4500
001 r045206
005 20230530130545.4
041 0 |a slo 
044 |a SK 
245 1 0 |a Dejiny medzinárodných vzťahov a slovenská historiografia  |c Bohumila Ferenčuhová 
520 |a Krátka história vzniku medzinárodných vzťahov ako vednej disciplíny na Slovensku. Vymedzenie postavenia slovenskej historiografie z pohľadu ostatných vedných disciplín. 
610 2 0 |a veda 
610 2 0 |a vzťahy politické medzinárodné 
610 2 0 |a história 
610 2 0 |a Slovensko 
100 1 |a Ferenčuhová, Bohumila